000
00238nam a2200097Ia 4500
008
190216s9999||||xx |||||||||||||| ||und||
100
_a
Tatapuram Sukumaran
245
0
_a
Malayalam-Vandikal Neengunnu
260
_b
Current Books
942
_c
BK
999
_c
23563
_d
23563